000 00910nam a22002177a 4500
999 _c13222
_d13222
003 AR-CdUCM
008 190411b ||||| |||| 00| 0 spa d
040 _aMUNICIPALIDAD PROVINCIAL DEL CUSCO
_cBIBLIOTECA MUNICIPAL DEL CUSCO
082 _aC / 657.6 /
_bP19
100 _aPaliza Gallegos, Luis Alberto
_923827
245 _aelementos de contabilidad administrativa /
260 _aCusco :
_bTipografía mercantil,
_c1964.
300 _aXXXI 60 paginas ;
_c29 cm.
505 _aContenido : Concepto i objeto de la contabilidad administrativa -- Clases de presupuestos en cuanto al periodo de liquidación -- De las fases de la administración publica presupuestaria -- El presupuesto -- Formulación del presupuesto...
650 _aContabilidad
_910543
650 _aAdministración
_94472
650 _aPrepuesto
_931285
650 _aFinanzas
_94496
942 _2ddc
_cLIBROS
945 _awnts
_d2019-04-11